Erlebnis der Landschaft und adliges Landleben

Titel: Erlebnis der Landschaft und adliges Landleben : Einführungen und Bibliographien zum Verständnis der Landschaft und eines deutschen Standes von 1870 bis zur Gegenwart / Carl Gregor Herzog zu Mecklenburg
Verfasser:
Veröffentlicht: Frankfurt/Main ˜[u.a.]œ : Propyläen-Verlag, 1979
Umfang: 218 S. : Ill.
Format: Buch
Sprache: Deutsch
RVK-Notation:
Schlagworte:
ISBN: 3549073860
Buchumschlag
X
Lokale Klassifikation: 3 13 L ; 3 2 A ; 5 13 L ; 5 2 A ; 5 1 C
alg: 2611698
001A    $06000:02-09-93 
001B    $01999:28-04-23 $t20:46:54.000 
001C    $03004:27-03-14 $t14:18:42.000 
001D    $09999:99-99-99 
001U    $0utf8 
001X    $00 
002@    $0Aauc 
003@    $0026116987 
003O    $0464501720 $aOCoLC 
004A    $03-549-07386-0 
006G    $0790326272 
006T    $079,N13,0214 
006U    $079,A34,0249 
007A    $0790326272 $aDNB 
010@    $ager 
011@    $a1979 $n1979 
015@    $0Z 
021A    $a@Erlebnis der Landschaft und adliges Landleben $dEinführungen und Bibliographien zum Verständnis der Landschaft und eines deutschen Standes von 1870 bis zur Gegenwart $hCarl Gregor Herzog zu Mecklenburg 
028A    $#Carl Gregor  $#Mecklembourg, Charles Grégoire de $#Charles Grégoire  $#Mecklenburg, Carl Gregor $#Mecklenburg, Carl Gregor Herzog zu $#Mecklenburg, Karl Gregor Herzog zu $#Herzog zu Mecklenburg, Carl Gregor $7105812420 $8Mecklenburg, Carl Gregor$czu$Z1933-2018 [Tp1] $9140838074 
033A    $pFrankfurt/Main {[u.a.] $nPropyläen-Verlag 
034D    $a218 S. 
034M    $aIll. 
037A    $aLiteraturverz. S. 148 - 210. 
044F    $aAdel 
044F    $aLandleben 
044F    $aNaturgefühl 
044F    $aAdel / Bibliographie 
044F    $aLandleben / Bibliographie 
044F    $aNaturgefühl / Bibliographie 
045B    $a943 $ALoC $eDDC19oclc 
045E    $b05b $b01a $b03a $b03b $b22a 
045F    $a306.0943 $eDDC23BSB 
045F/01 $a306.09 
045F/03 $g43 
045F/03 $g437 
045G    $a910.943 $eDDC23BSB 
045G/01 $a910 
045G/03 $g43 
045G/03 $g437 
045H    $a907.209437 $eDDC23BSB 
045H/01 $a907.2 
045H/03 $g437 
045Z    $8MS 1660 [Tkv] $9410833312 
045Z    $8NR 7170 [Tkv] $9410926949 

lok: 2611698 3

exp: 2611698 3 1 #EPN
201B/01 $029-08-14 $t23:07:32.000 
201U/01 $0utf8 
203@/01 $0617207011 
206W/01 $0UB1-s8651077 
208@/01 $a01-01-11 $brAa 
209A/01 $a81.465.88 $du $f000 $x00 
209B/01 $aStUB-Retro $x05 
209G/01 $a81465886 $x00 
209U/01 $qimage/gif $A2 $3Katalogkarte der UB Frankfurt $uhttp://resolver.hebis.de/retro/s8651077 $mV:DE-603;B:DE-30 
247C/01 $8601000-3 <30>Frankfurt, Universitätsbibliothek J. C. Senckenberg, Zentralbibliothek (ZB) $9102598258 

lok: 2611698 15
101B    $002-08-95 $t00:39:32.873 
107F    $0081773382 
144Z/01 $aLandleben Adel 
144Z/02 $aLandschaftserlebnis 
145S/01 $a05000 
101U    $0utf8 

exp: 2611698 15 1 #EPN
201B/01 $012-12-02 $t12:31:26.064 
203@/01 $0081773390 
208@/01 $a02-09-93 $bh 
209A/01 $a-Mag- H 8970 $du $f100 $h-MAG- H 8970 $x00 
209C/01 $aG 93/346 $hG 93 346 
209G/01 $a00674176 $x00 
247C/01 $8655100-2 <123>Worms, Stadtbibliothek Worms $9102600732 
201U/01 $0utf8 

lok: 2611698 24
101B    $004-04-14 $t07:32:56.000 
101C    $004-04-14 
101U    $0utf8 
145Z/01 $a3 13 L 
145Z/02 $a3 2 A 
145Z/03 $a5 13 L 
145Z/04 $a5 2 A 
145Z/05 $a5 1 C 

exp: 2611698 24 1 #EPN
201B/01 $004-04-14 $t07:32:56.000 
201C/01 $027-03-14 
201U/01 $0utf8 
203@/01 $0729753581 
208@/01 $a04-04-14 $bz 
209A/01 $a14.03353 $du $f050 $h14 03353 $x00 
209C/01 $a14.03353 K $h14 03353 K 
209G/01 $a73408237 $x00 
220C/01 $ahae 
247C/01 $8358050-7 Marburg, Bibliothek des Herder-Instituts Marburg $9102600961 

lok: 2611698 25

exp: 2611698 25 1 #EPN
201B/01 $012-12-02 $t12:31:26.272 
201C/01 $014-01-02 
203@/01 $0166631477 
208@/01 $a14-01-02 $br 
209A/01 $a055.583 $du $f000 $x00 
209C/01 $a79/4358-5 
209G/01 $a10555839 $x00 
209G/01 $aFREIHAND $x01 
247C/01 $8651000-0 <77>Mainz, Universität Mainz, Zentralbibliothek $9102599602 
201U/01 $0utf8 

lok: 2611698 204
101B    $004-12-02 $t10:11:04.658 
101C    $005-05-97 
145S/01 $a10000 
145Z/01 $a91 Karl Gregor  39 
101U    $0utf8 

exp: 2611698 204 1 #EPN
201B/01 $012-12-02 $t12:31:26.485 
201C/01 $005-05-97 
203@/01 $0112223923 
208@/01 $a05-05-97 $bzpub 
209A/01 $a20.470.81 $du $f000 $h20 470 81 $x00 
209G/01 $a20470810 $x00 
245S/01 $a10000 $x01 
247C/01 $8631000-x <26>Gießen, Universität Gießen, Universitätsbibliothek Gießen $9102596697 
201U/01 $0utf8 

exp: 2611698 204 2 #EPN
201B/02 $012-12-02 $t12:31:26.614 
201C/02 $005-05-97 
203@/02 $0112223931 
208@/02 $a05-05-97 $bzpub 
209A/02 $aBt 1/192 $du $f000 $hBT 1 192 $x00 
209B/02 $a00022 $x05 
209G/02 $a13304068 $x00 
245S/02 $a10000 $x01 
247C/02 $8631000-x <26>Gießen, Universität Gießen, Universitätsbibliothek Gießen $9102596697 
201U/02 $0utf8
LEADER 00000cam a2200000 c 4500
001 026116987
003 DE-603
005 20230428204654.0
007 tu
008 930902s1979 xx |||| | u00||u|ger
015 |a 79,A34,0249  |z 79,N13,0214  |2 dnb 
016 7 |2 DE-101  |a 790326272 
020 |a 3549073860 
035 |a (DE-599)DNB790326272 
035 |a (OCoLC)464501720 
040 |a DE-603  |b ger  |c DE-603  |d DE-603 
041 |a ger 
082 0 4 |8 1\u  |a 306.0943  |q DE-101  |2 23/BSB 
083 0 |8 2\u  |a 910.943  |q DE-101  |2 23/BSB 
083 0 |8 3\u  |a 907.209437  |q DE-101  |2 23/BSB 
083 7 |8 4\p  |a 943  |2 19/oclc 
084 |a 05b  |a 01a  |a 03a  |a 03b  |a 22a  |q DE-101  |2 sdnb 
084 |a MS 1660  |0 (DE-625)123607:  |0 (DE-603)410833312  |2 rvk 
084 |a NR 7170  |0 (DE-625)129709:  |0 (DE-603)410926949  |2 rvk 
085 |8 1\u  |b 306.09 
085 |8 1\u  |z 2  |s 43 
085 |8 1\u  |z 2  |s 437 
085 |8 2\u  |b 910 
085 |8 2\u  |z 2  |s 43 
085 |8 2\u  |z 2  |s 437 
085 |8 3\u  |b 907.2 
085 |8 3\u  |z 2  |s 437 
100 1 |a Mecklenburg, Carl Gregor zu  |d 1933-2018  |0 (DE-603)140838074  |0 (DE-588)105812420  |2 gnd 
245 0 0 |a Erlebnis der Landschaft und adliges Landleben  |b Einführungen und Bibliographien zum Verständnis der Landschaft und eines deutschen Standes von 1870 bis zur Gegenwart  |c Carl Gregor Herzog zu Mecklenburg 
264 1 |a Frankfurt/Main ˜[u.a.]œ  |b Propyläen-Verlag  |c 1979 
300 |a 218 S.  |b Ill. 
500 |a Literaturverz. S. 148 - 210. 
650 7 |a Adel  |2 local 
650 7 |a Landleben  |2 local 
650 7 |a Naturgefühl  |2 local 
650 7 |a Adel / Bibliographie  |2 local 
650 7 |a Landleben / Bibliographie  |2 local 
650 7 |a Naturgefühl / Bibliographie  |2 local 
883 0 |8 4\p  |q LoC 
924 0 |9 30  |a (DE-603)617207011  |b DE-30  |c HES  |d c  |g 81.465.88 
924 0 |9 123  |a (DE-603)081773390  |b DE-123  |c HES  |d c  |g -Mag- H 8970 
924 0 |9 Mb 50  |a (DE-603)729753581  |b DE-Mb50  |c HES  |d c  |g 14.03353 
924 0 |9 77  |a (DE-603)166631477  |b DE-77  |c HES  |d c  |g 055.583  |h FREIHAND 
924 0 |9 26  |a (DE-603)112223923  |b DE-26  |c HES  |d c  |g 20.470.81 
924 0 |9 26  |a (DE-603)112223931  |b DE-26  |c HES  |d c  |g Bt 1/192